| 000 | 00367nam a2200145Ia 4500 | ||
|---|---|---|---|
| 008 | 230711s9999||||xx |||||||||||||| ||und|| | ||
| 041 | _aENG | ||
| 082 |
_a720 _bCL-R |
||
| 100 | _aCliff,Stafford | ||
| 245 | 4 | _aThe best in restaurant corporate identity | |
| 250 | _a1st Ed. | ||
| 260 |
_c1994 _aNew Delhi _bRotvison publication |
||
| 650 | _aArchitecture | ||
| 942 | _cBK | ||
| 999 |
_c2326 _d2326 |
||